Szczegóły MARC21

50 Klassiker der Psychologie : die wichtigsten Werke von Alfred Adler, Sigmund Freud, Daniel Goleman, Karen Horney, William James, C.G. Jung, Jean Piaget, Viktor Frankl, Howard Gardner, Alfred Kinsey, Abraham Maslow, Iwan Pawlow, Stanley Milgram, Martin Seligman und vielen anderen /

003 -Nazwa inst., której nr kontr. jest w polu 001 [,]
    • @
    • Nazwa instytucji, której n kontrolny jest w polu 001
    • NUKAT
005 -DATA I CZAS OSTATNIEJ MODYFIKACJI [,]
    • @
    • pole kontrolne
    • 20241231114015.0
020 -Międzynarod. znormalizowany nr książki - ISBN [ , ]
    • a
    • Numer ISBN
    • 9783636062871 Find
040 -Instytucja sporządzająca opis [ , ]
    • a
    • Instytucja, która sporządziła opis (NP)
    • SZCZ U/ML
    • c
    • Instytucja, która sporządziła rekord (NP)
    • SZCZ U/MLs
    • d
    • Instytucja, która zmodyfikowała rekord (P)
    • SZCZ U/KP
041 -Język dokumentu [1, ]
    • a
    • Język tekstu (P)
    • niemiecki
    • h
    • Język tekstu oryginalnego i/lub pośredniego (P)
    • angielski
942 -Rodzaj dokumentu [ , ]
    • c
    • Rodzaj dokumentu
    • Książka
100 -Hasło główne - nazwa osobowa [1, ]
    • a
    • Nazwa osobowa (NP)
    • Butler-Bowdon, Tom
    • d
    • Daty biograficzne (NP)
    • (1967- ).
    • 9
    • KHW
    • 430001
240 -Tytuł ujednolicony [1,0]
    • a
    • Tytuł ujednolicony
    • 50 psychology classics
    • l
    • Język tekstu
    • (niem.)
    • 9
    • KHW
    • 430005
245 -Strefa tytułu i oznaczenia odpowiedzialności [1,0]
    • a
    • Tytuł
    • 50 Klassiker der Psychologie : Find
    • b
    • Ciąg dalszy tytułu (NP)
    • die wichtigsten Werke von Alfred Adler, Sigmund Freud, Daniel Goleman, Karen Horney, William James, C.G. Jung, Jean Piaget, Viktor Frankl, Howard Gardner, Alfred Kinsey, Abraham Maslow, Iwan Pawlow, Stanley Milgram, Martin Seligman und vielen anderen / Find
    • c
    • Pozostałe elementy strefy tytułu i oznaczenia odpowiedzialności (NP)
    • [zusammengestellt und kommentiert von] Tom Butler-Bowdon ; aus dem Englischen übersetzt von Sabine Schilasky.
246 -Wariant tytułu [3, ]
    • a
    • Tytuł (NP)
    • Fünfzig Klassiker der Psychologie
260 -Strefa adresu wydawniczego [ , ]
    • a
    • Miejsce wydania (P)
    • Heidelberg :
    • b
    • Nazwa wydawcy (P)
    • mvg Verlag,
    • c
    • Data wydania (P)
    • cop. 2007.
300 -Strefa opisu fizycznego [ , ]
    • a
    • Określenie formy książki i/lub objętość (NP)
    • 523 s. ;
    • c
    • Format (NP)
    • 22 cm.
336 -Typ zawartości [ , ]
    • a
    • Termin opisujący typ zawartości
    • Tekst
    • b
    • Kod określający zawartość
    • txt
    • 2
    • Źródło (terminu i kodu)
    • rdacontent
337 -Typ mediów [ , ]
    • a
    • Tryb odtwarzania
    • Bez urządzenia pośredniczącego
    • b
    • Kod typu mediów
    • n
    • 2
    • Źródło (terminu i kodu)
    • rdamedia
338 -Typ/rodzaj nośnika [ , ]
    • a
    • Hasło opisujące typ nośnika
    • Wolumin
    • b
    • Kod typu nośnika
    • nc
    • 2
    • Źródło (terminu i kodu)
    • rdacarrier
500 -Uwaga ogólna [ , ]
    • a
    • Uwaga ogólna (NP)
    • Na s. red. błędny zapis tyt. oryg.: 50 Psychological Classics.
504 -Uwaga dot. bibliogr. załącznikowej [ , ]
    • a
    • Uwaga dot. bibliografii załącznikowej
    • Bibliogr. s. 517-522.
650 -Hasło przedmiotowe [ ,7]
    • a
    • Hasło przedmiotowe
    • Psychologia.
    • 2
    • Źródło terminu
    • kaba
    • 9
    • KHW
    • 126960
700 -Hasło dodatkowe - nazwa osobowa [1, ]
    • a
    • Nazwa osobowa (NP)
    • Schilasky, Sabine. Find
    • e
    • Określenie rodzaju współpracy
    • Tł.
    • 9
    • KHW
    • 430003
710 -Hasło dodatkowe - nazwa ciała zbiorowego [2, ]
    • a
    • Nazwa ciała zbiorowego lub nazwa geograficzna jako pierwszy element (NP)
    • Verlag Moderne Industrie.
    • 4
    • Kod relacji
    • pbl
    • 9
    • KHW
    • 456366
920 -ISBN [ , ]
    • a
    • ISBN
    • 978-3-636-06287-1 Find
Sygnatura Data inwentaryzacji Lokalizacja Numer inwentarzowy Obwoluta Status udost.
GERM. Psychologia 122017-06-16BMG.1907611